Concepts, problems and solutions in general physics : A study guide for students of engineering and science
Guardat en:
| Autor principal: | |
|---|---|
| Format: | Llibre |
| Idioma: | Undetermined |
| Publicat: |
Philadenphia
W. B Saunders Company
1975
|
| Matèries: | |
| Etiquetes: |
Afegir etiqueta
Sense etiquetes, Sigues el primer a etiquetar aquest registre!
|
| Thư viện lưu trữ: | Trung tâm Học liệu Trường Đại học Cần Thơ |
|---|
| LEADER | 00611nam a2200205Ia 4500 | ||
|---|---|---|---|
| 001 | CTU_158444 | ||
| 008 | 210402s9999 xx 000 0 und d | ||
| 020 | |c 0.90 | ||
| 082 | |a 530 | ||
| 082 | |b S481 | ||
| 100 | |a Serway, Raymond A. | ||
| 245 | 0 | |a Concepts, problems and solutions in general physics : | |
| 245 | 2 | |b A study guide for students of engineering and science | |
| 245 | 0 | |c Raymond A. Serway | |
| 260 | |a Philadenphia | ||
| 260 | |b W. B Saunders Company | ||
| 260 | |c 1975 | ||
| 650 | |a Physics,Vật lý | ||
| 904 | |i Anh Tho,QHieu | ||
| 980 | |a Trung tâm Học liệu Trường Đại học Cần Thơ | ||